000 00500cam a2200145 a 4500
020 _a9781439867976 (hardcover : alk. paper)
050 4 _aR858
_b.D47 2013
100 1 _aDer, Geoff.
245 1 0 _aApplied medical statistics using SAS
_h[electronic resource] /
_cGeoff Der, Brian S. Everitt.
260 _aBoca Raton, FL :
_bCRC Press,
_cc2013.
500 _a"A Chapman & Hall book."
700 1 _aEveritt, Brian.
856 4 0 _uhttp://www.columbia.edu/cgi-bin/cul/resolve?clio10063636
942 _2lcc
_cGEN
999 _c4168
_d4168